000 00671nam a22001817a 4500
003 BD-DhUL
005 20160906200806.0
008 160906b1982 ii ||||| |||| 00| 0 ben d
040 _cBD-DhUL
082 _a954.14
_bNIC
100 1 _aসুর, নিখিল
245 1 _aছিয়াত্তরের মন্বন্তর ও সন্ন্যাসী-ফকির বিদ্রোহ /
_cনিখিল সুর
260 _aকলিকাতা :
_bসুবর্ণরেখা,
_c১৯৮২
300 _a৬৭ পৃ. :
_c২০ সে.মি
650 0 _aভারত-ইতিহাস
650 0 _aIndia-history
942 _2ddc
_cBK
999 _c104538
_d104538